| 000 | 01135ama a2200349 4500 | ||
|---|---|---|---|
| 005 | 20200104041724.0 | ||
| 008 | 170214b xxu||||| |||| 00| 0 spa d | ||
| 040 |
_aCO-BoIAVH _cCO-BoIAVH |
||
| 041 | _aspa | ||
| 044 | _a-uk | ||
| 090 |
_aMM _b00135 |
||
| 100 | 1 | _aCollar, N. J. | |
| 110 | 1 | _aBirdLife International | |
| 245 | 1 | 0 |
_aAves amenazadas de las Américas: _slibro rojo de BirdLife International / UICN |
| 256 | _aArchivo ejecutable | ||
| 260 |
_aCambridge: _bBirdLife International, _c2003. |
||
| 300 | _a1 CD-ROM | ||
| 500 | _aDescripción de las especies en archivos individuales en pdf | ||
| 650 | 1 | 4 | _aFauna |
| 650 | 1 | 4 | _aAves |
| 650 | 1 | 4 | _aOrnitología |
| 650 | 1 | 4 | _aConservación de fauna |
| 650 | 1 | 4 | _aEspecies amenazadas |
| 700 | 1 |
_aCásares, Ximena _rTraductor |
|
| 700 | 1 |
_aGonzaga, L. P. _eAutor |
|
| 700 | 1 |
_aKrabbe, N. _eAutor |
|
| 700 | 1 |
_aMadroño Nieto, A. _eAutor |
|
| 700 | 1 |
_aNaranjo, L. G. _eautor |
|
| 700 | 1 |
_aParker, T. A. _eAutor |
|
| 700 | 1 |
_aWege , D. _eAutor |
|
| 942 |
_cCD-ROM _2z |
||
| 999 |
_c16511 _d16511 |
||